[Event "Port of Spain Knights op"]
[Site "Port of Spain"]
[Date "2015.05.28"]
[Round "7"]
[White "Cobham, Marcus"]
[Black "Winter Atwell, Adrian"]
[Result "0-1"]
[WhiteElo "2046"]
[BlackElo "2108"]
[PlyCount "52"]
[EventDate "2015.04.16"]
[EventType "swiss"]
[EventRounds "7"]
[EventCountry "TRI"]
[SourceTitle "EXT 2023"]
[Source "ChessBase"]
[SourceDate "2022.10.05"]
[SourceVersion "1"]
[SourceVersionDate "2022.10.05"]
[SourceQuality "1"]

1. e4 e5 2. Nf3 Nc6 3. Bb5 Bc5 4. 0-0 Nd4 5. Nxd4 Bxd4 6. c3 Bb6 7. d4 c6 8. Ba4 d6 9. Na3 Nf6 10. Bg5 h6 11. Bxf6 Qxf6 12. d5 Bd7 13. dxc6 bxc6 14. Nc4 Bc7 15. Qd3 0-0 16. f4 exf4 17. Qd2 Qe6 18. Bb3 d5 19. exd5 cxd5 20. Rae1 Qf6 21. Na3 Rad8 22. Bxd5 Qh4 23. Re4 Bf5 24. Ra4 Qh5 25. h3 Bxh3 26. gxh3 Rxd5 0-1

[Event "Port of Spain Knights op"]
[Site "Port of Spain"]
[Date "2015.05.21"]
[Round "6"]
[White "Winter Atwell, Adrian"]
[Black "Gordon, Anderson"]
[Result "1-0"]
[WhiteElo "2108"]
[BlackElo "1967"]
[PlyCount "163"]
[EventDate "2015.04.16"]
[EventType "swiss"]
[EventRounds "7"]
[EventCountry "TRI"]
[SourceTitle "EXT 2023"]
[Source "ChessBase"]
[SourceDate "2022.10.05"]
[SourceVersion "1"]
[SourceVersionDate "2022.10.05"]
[SourceQuality "1"]

1. e4 Nf6 2. e5 Nd5 3. d4 d6 4. Nf3 g6 5. Bc4 Nb6 6. Bb3 Bg7 7. Ng5 0-0 8. e6 d5 9. exf7+ Kh8 10. h4 h5 11. Bf4 Nc6 12. c3 Bf5 13. Bc2 Qd7 14. Bxc7 e5 15. Bxe5 Nxe5 16. dxe5 Bxe5 17. Bxf5 Qxf5 18. Nd2 Rad8 19. Qb1 Qf6 20. Ndf3 Nc4 21. 0-0 Bf4 22. Qc2 Nd6 23. Rae1 Nf5 24. Re6 Qg7 25. g3 Bxg5 26. Nxg5 Rxf7 27. Nxf7+ Qxf7 28. Qe2 d4 29. Qe5+ Qg7 30. Re8+ Rxe8 31. Qxe8+ Kh7 32. Rd1 Qc7 33. Kg2 Nd6 34. Qe5 Qc6+ 35. f3 Nf5 36. Rxd4 Nxd4 37. Qxd4 Qb5 38. Qd2 Qb6 39. b3 Qc6 40. c4 a6 41. Qd5 Qc7 42. c5 Qg7 43. Qd2 a5 44. Qxa5 Qb2+ 45. Kf1 Qc1+ 46. Ke2 Qc2+ 47. Qd2 Qxc5 48. Qd7+ Kh6 49. Qd2+ Kh7 50. a4 Qe5+ 51. Kf2 Qe6 52. b4 b6 53. a5 bxa5 54. bxa5 Qh3 55. Qg5 Qe6 56. Qb5 Qh3 57. Qb7+ Kh6 58. a6 Qh2+ 59. Ke3 Qxg3 60. a7 Qe1+ 61. Kd3 Qf1+ 62. Kd4 Qf2+ 63. Ke5 Qe3+ 64. Kd6 Qf4+ 65. Kc5 Qe3+ 66. Kb5 Qb3+ 67. Ka6 Qd3+ 68. Qb5 Qxf3 69. Qg5+ Kh7 70. Qe7+ Kh6 71. Kb6 Qb3+ 72. Kc7 Qc4+ 73. Kd7 Qb5+ 74. Kd8 Qa6 75. Qe3+ Kh7 76. Qe7+ Kh6 77. Ke8 Qc8+ 78. Kf7 Qc4+ 79. Kf8 Qc8+ 80. Qe8 Qc5+ 81. Kg8 Qc4+ 82. Qf7 1-0

[Event "Port of Spain Knights op"]
[Site "Port of Spain"]
[Date "2015.04.30"]
[Round "3"]
[White "Soondarsingh, Dev"]
[Black "Winter Atwell, Adrian"]
[Result "0-1"]
[WhiteElo "1971"]
[BlackElo "2108"]
[PlyCount "56"]
[EventDate "2015.04.16"]
[EventType "swiss"]
[EventRounds "7"]
[EventCountry "TRI"]
[SourceTitle "EXT 2016"]
[Source "ChessBase"]
[SourceDate "2015.10.08"]
[SourceVersion "1"]
[SourceVersionDate "2015.10.08"]
[SourceQuality "1"]

1. d4 Nf6 2. Nf3 e6 3. g3 d5 4. Bg2 Nc6 5. 0-0 Bd6 6. Nc3 0-0 7. Re1 Re8 8. Bg5 Bb4 9. Qd3 Bxc3 10. bxc3 h6 11. Bxf6 Qxf6 12. e4 dxe4 13. Rxe4 Bd7 14. Rb1 Rab8 15. Ne5 Nxe5 16. Rxe5 Bc6 17. Bxc6 bxc6 18. Rxb8 Rxb8 19. Ra5 g6 20. Rxa7 Qg5 21. Qe3 Rb1+ 22. Kg2 Qd5+ 23. f3 Rb2 24. Qxh6 Rxc2+ 25. Kg1 Rxa2 26. Rxc7 Ra1+ 27. Kf2 Qa2+ 28. Ke3 Re1+ 0-1

[Event "Port of Spain Knights op"]
[Site "Port of Spain"]
[Date "2015.04.23"]
[Round "2"]
[White "Winter Atwell, Adrian"]
[Black "Bowles, Andrew"]
[Result "1-0"]
[WhiteElo "2108"]
[BlackElo "1878"]
[PlyCount "67"]
[EventDate "2015.04.16"]
[EventType "swiss"]
[EventRounds "7"]
[EventCountry "TRI"]
[SourceTitle "EXT 2016"]
[Source "ChessBase"]
[SourceDate "2015.10.08"]
[SourceVersion "1"]
[SourceVersionDate "2015.10.08"]
[SourceQuality "1"]

1. e4 c5 2. d4 d6 3. Bc4 Nf6 4. dxc5 Qa5+ 5. Nc3 Qxc5 6. Qe2 a6 7. Be3 Qc7 8. f4 e6 9. Bb3 Be7 10. g4 Nc6 11. g5 Nd7 12. 0-0-0 Nc5 13. Nf3 Nxb3+ 14. axb3 Bd7 15. Qf2 b5 16. f5 Qa5 17. Kb1 Qc7 18. Rhf1 Nb4 19. f6 gxf6 20. gxf6 Bf8 21. Rfe1 Rc8 22. Bb6 Qb7 23. Re2 Rb8 24. Be3 Bc6 25. Qh4 a5 26. Bh6 a4 27. Bxf8 axb3 28. cxb3 Rxf8 29. Qf4 d5 30. exd5 Nxd5 31. Nxd5 Bxd5 32. Rxd5 Rc8 33. Qd6 Rg8 34. Red2 1-0

[Event "De Verteuil Memorial 22nd"]
[Site "Port of Spain"]
[Date "2014.12.04"]
[Round "7"]
[White "Duncan, Leonard"]
[Black "Winter Atwell, Adrian"]
[Result "0-1"]
[WhiteElo "1883"]
[BlackElo "2099"]
[PlyCount "130"]
[EventDate "2014.10.16"]
[EventType "swiss"]
[EventRounds "7"]
[EventCountry "TRI"]
[SourceTitle "EXT 2016"]
[Source "ChessBase"]
[SourceDate "2015.10.08"]
[SourceVersion "1"]
[SourceVersionDate "2015.10.08"]
[SourceQuality "1"]

1. e4 e6 2. d3 d5 3. Nd2 Nf6 4. g3 b6 5. Bg2 Ba6 6. e5 Nfd7 7. Ngf3 Nc6 8. d4 Ne7 9. Ng1 c5 10. c3 Qc7 11. Qa4 Bd3 12. Bf1 Bxf1 13. Kxf1 Nf5 14. g4 Nh4 15. Ndf3 Ng6 16. Ne2 Be7 17. h4 h5 18. g5 a6 19. Be3 b5 20. Qd1 Nb6 21. Ng3 Nf8 22. Nd2 g6 23. Kg2 Nfd7 24. f4 Qc6 25. Nb3 Nc4 26. Qe2 a5 27. Nc1 Nxe3+ 28. Qxe3 cxd4 29. cxd4 Qc2+ 30. Nce2 Qc6 31. Rhc1 Qb7 32. Qc3 Nb6 33. Qc6+ Qxc6 34. Rxc6 Nc4 35. Rc7 Nxb2 36. Rb1 Ba3 37. Nc3 b4 38. Nb5 Nc4 39. Nxa3 Nxa3 40. Rbc1 Nc4 41. Ne4 dxe4 42. R1xc4 0-0 43. R4c5 Rfd8 44. Rb5 Rxd4 45. Rbb7 Rf8 46. Kf2 Rd3 47. Rc4 Rf3+ 48. Kg2 Rxf4 49. Ra7 Rg4+ 50. Kf1 Rxh4 51. Rxa5 Rh1+ 52. Kf2 Rb1 53. Rxe4 b3 54. axb3 Rxb3 55. Ra7 Rc8 56. Re2 Rb4 57. Rd2 Rg4 58. Rdd7 Rf8 59. Ke3 Rxg5 60. Kd4 Rg1 61. Re7 h4 62. Ra3 Rg3 63. Ra2 h3 64. Rf2 Rg2 65. Rf3 h2 0-1